| 000 | 00695nam a2200205 a 4500 | ||
|---|---|---|---|
| 001 | 3210 | ||
| 003 | CDMR | ||
| 005 | 20151022113002.0 | ||
| 008 | 130130s ||||||||||||||||||||||||||||d | ||
| 040 |
_aCDMR _bcat _cCDMR |
||
| 100 | 1 |
_aRekalde, Angel _92329 |
|
| 245 | 1 | 0 |
_aPrensa y propaganda _b: el nacionalismo vasco en El País : la campaña electoral de marzo del 2000 : antecedentes _cAngel Rekalde |
| 300 |
_a338 p. _c30 cm |
||
| 502 | _aDirector de la tesi: José María Larrea Mijuka | ||
| 650 | 0 | 4 |
_93176 _aPremsa i propaganda |
| 650 | 0 | 4 |
_94090 _aPremsa i política _zEspanya |
| 650 | 0 | 4 |
_94239 _aEleccions _xCobertura periodística |
| 610 | 0 | 4 |
_93256 _aDiario El País, S.L. |
| 942 |
_cTSN _2udc |
||
| 999 |
_c3210 _d3210 |
||